• 首页
  • 本馆介绍
  • 公告通知
  • 最新文献
  • 馆藏检索
  • 电子资源
  • 读者导购
  • 参考咨询
  • 我的图书馆
  • 登录
  • 详细信息显示
  • 放入我的书架
  • 预约/预借图书
  • 作者相关作品
  • 分类相关作品
  • 丛书相关作品
  • 出版社相关作品

书目信息

  • 表格格式
  • 工作单格式
  • 卡片格式
题名:
经济体制的比较制度分析
    
 
作者: 青木昌彦 , 奥野正宽 编著 ;魏加宁 译
分册:  
出版信息: 北京   中国发展出版社  1999
页数: 323页
开本: 21cm
丛书名: 发展译丛
单 册:
中图分类: F131.31
科图分类:
主题词: 经济体制--研究--日本 , 经济体制
电子资源:
ISBN: 7-80087-264-5
000 01038oam2 2200289 450
001 012007023174
005 20070605141420.64
010    @a7-80087-264-5@dCNY19.50
100    @a20041227d1999 km y0chiy0120 ea
101 1  @achi@cjpn
102    @aCN@b110000
105    @aa z 000yy
106    @ar
200 1  @a经济体制的比较制度分析@Ajing ji ti zhi de bi jiao zhi du fen xi@f(日)青木昌彦,(日)奥野正宽编著@F(ri)qing mu chang yan,(ri)ao ye zheng kuan bian zhu@g魏加宁等译@Gwei jia ning deng yi
210    @a北京@c中国发展出版社@d1999
215    @a323页@c图@d21cm
225 2  @a发展译丛
330    @a本书主要包括三部分内容,共十三章。分别介绍了企业的内部体制,环绕企业的制度互补结构,经济体制的多样性与进化。
461  0 @12001 @a发展译丛
606 0  @a经济体制@x研究@y日本
606 0  @a经济体制
690    @aF131.31@v4
701  0 @c(日)@a青木昌彦@Aqing mu chang yan@4编著
701  0 @c(日)@a奥野正宽@Aao ye zheng kuan@4编著
702  0 @a魏加宁@Awei jia ning@4译
801  0 @aCN@bRULIN@c20070605
905    @dF131.31@e144@s4
    
    经济体制的比较制度分析/(日)青木昌彦,(日)奥野正宽编著/魏加宁等译.-北京:中国发展出版社,1999
    323页:图;21cm.-(发展译丛)
    
    
    ISBN 7-80087-264-5:CNY19.50
    本书主要包括三部分内容,共十三章。分别介绍了企业的内部体制,环绕企业的制度互补结构,经济体制的多样性与进化。
●
相关链接 在E读中查询图书 在五车中查询图书 在当当中查询图书 在豆瓣中查询图书


正题名:经济体制的比较制度分析     索取号:F131.31/144         预约/预借

序号 登录号 条形码 馆藏地/架位号 状态 备注
1 0581733   205817339   第一样本阅览室/ [索取号:F131.31/144] 在馆    
2 0581734   205817348   第一借阅区/ [索取号:F131.31/144] 在馆    
3 0581735   205817357   第一借阅区/ [索取号:F131.31/144] 在馆    
4 0581736   205817366   第一借阅区/ [索取号:F131.31/144] 在馆    
唐山师范学院图书馆 欢迎您!
大连网信软件有限公司© 版权所有